Goya (Record no. 2503)

MARC details
000 -CABECERA
campo de control de longitud fija 00707nam a2200217 a 4500
001 - NÚMERO DE CONTROL
campo de control BRCA_2763
005 - FECHA Y HORA DE LA ÚLTIMA TRANSACCIÓN
campo de control 20190320203946.0
008 - DATOS DE LONGITUD FIJA--INFORMACIÓN GENERAL
campo de control de longitud fija 051208s1962----nyua---###---#000-0#eng-u
050 #4 - SIGNATURA TOPOGRÁFICA DE LA BIBLIOTECA DEL CONGRESO
Número de clasificación ND813.G6
Número de documento/Ítem .G69 1962
245 10 - MENCIÓN DE TÍTULO
Título Goya
Resto del título complete etchings, aquatints and litographs
Mención de responsabilidad, etc. text by Enrique Lafuente Ferrari ; tr. from the Spanish by Raymond Rudorff.
260 ## - PUBLICACIÓN, DISTRIBUCIÓN, ETC.
Lugar de publicación, distribución, etc. New York
Nombre del editor, distribuidor, etc. H. N. Abrams
Fecha de publicación, distribución, etc. 1962
300 ## - DESCRIPCIÓN FÍSICA
Extensión 288 p.
Otras características físicas il.
Dimensiones 34 cm.
500 ## - NOTA GENERAL
Nota general AA81
650 14 - PUNTO DE ACCESO ADICIONAL DE MATERIA--TÉRMINO DE MATERIA
Término de materia o nombre geográfico como elemento de entrada Aguafuertistas españoles
9 (RLIN) 7772
650 14 - PUNTO DE ACCESO ADICIONAL DE MATERIA--TÉRMINO DE MATERIA
Término de materia o nombre geográfico como elemento de entrada Litógrafos españoles
9 (RLIN) 7773
650 14 - PUNTO DE ACCESO ADICIONAL DE MATERIA--TÉRMINO DE MATERIA
Término de materia o nombre geográfico como elemento de entrada Pintores españoles
9 (RLIN) 7620
700 1# - PUNTO DE ACCESO ADICIONAL--NOMBRE DE PERSONA
Nombre de persona Lafuente Ferrari, Enrique
9 (RLIN) 2561
700 1# - PUNTO DE ACCESO ADICIONAL--NOMBRE DE PERSONA
Nombre de persona Rudorff, Raymond
Término indicativo de función/relación tr
9 (RLIN) 7774
902 ## - CATALOGADOR
Iniciales GFM
942 ## - ELEMENTOS DE PUNTO DE ACCESO ADICIONAL (KOHA)
Fuente del sistema de clasificación o colocación Library of Congress Classification
Tipo de ítem Koha Libros
Holdings
Estado de retiro Estado de pérdida Estado dañado No para préstamo Localización permanente Ubicación/localización actual Fecha de adquisición Número de inventario Total de préstamos Signatura topográfica completa Código de barras Fecha visto por última vez Precio válido a partir de Tipo de ítem Koha
El ejemplar forma parte de la colección y puede ser consultado según las políticas vigentes.       Biblioteca del Museo Franz Mayer (Rogerio Casas-Alatriste) Biblioteca del Museo Franz Mayer (Rogerio Casas-Alatriste) 05/12/2008 AA81   ND813.G6 .G69 1962 (AA81) 2760 22/03/2019 22/03/2019 Libros